000 00545nam a2200205Ia 4500
005 20260429112127.0
008 260429s9999||||xx |||||||||||||| ||und||
020 _a9789348011329
041 _aEnglish
082 _a305.8
_bSIN
100 _aSingh, Ajoy Kumar
245 0 _aImpact of Ambedkar movement on Dalit /
_cAjoy Kumar Singh
250 _a1st ed.
260 _aNew Delhi :
_bAsia Publishers and Distributors,
_c2025.
300 _aix, 306 p.; hb
650 _a Ambedkar
650 _a Movement
650 _aDalit
942 _cTB
999 _c52487
_d52487